[Event "XLII Festival A"]
[Site "Imperia ITA"]
[Date "2000.09.07"]
[Round "6"]
[White "Strazzeri, Marco"]
[Black "Lukes, Ladislav"]
[WhiteElo "1756"]
[BlackElo "2122"]
[Result "0-1"]
[PlyCount "104"]
[EventDate "2000.09.03"]

1. e4 Nf6 2. e5 Nd5 3. d4 d6 4. c4 Nb6 5. f4 dxe5 6. fxe5 Nc6 7. Be3 Bf5 8. Nc3
e6 9. Nf3 Nb8 10. Rc1 c5 11. a3 cxd4 12. Nxd4 Nc6 13. Nxc6 bxc6 14. Qxd8+ Rxd8
15. Be2 Be7 16. O-O O-O 17. Rfd1 Nd7 18. Bxa7 Bg5 19. Ra1 Bc2 20. Rf1 c5 21.
Bf3 Be3+ 22. Kh1 Nxe5 23. Be4 Bb3 24. Rae1 Bd4 25. Nb5 Bxc4 26. Nxd4 cxd4 27.
Rf2 Rd7 28. Bc5 Rc8 29. b4 Ng4 30. Rd2 d3 31. h3 Nf6 32. Bf3 Bb5 33. Kg1 Nd5
34. Bxd5 Rxd5 35. Ra1 Ba4 36. Rb1 f5 37. Re1 e5 38. Kf2 Bc6 39. g3 Kf7 40. Re3
Rcd8 41. h4 Kf6 42. Re1 g6 43. Be3 Ra8 44. Ra1 Ke6 45. Ke1 Ba4 46. Rf2 Rc8 47.
Bc5 Re8 48. Be3 Rc8 49. Bc5 e4 50. Rc1 h6 51. Be3 d2+ 52. Bxd2 Rxc1+ 0-1

[Event "XLII Festival A"]
[Site "Imperia ITA"]
[Date "2000.09.07"]
[Round "6"]
[White "Wurm, Christoph"]
[Black "Svacina, Petr"]
[WhiteElo "2156"]
[BlackElo "2094"]
[Result "1-0"]
[PlyCount "127"]
[EventDate "2000.09.03"]

1. e4 e5 2. Nf3 Nc6 3. Bb5 Nd4 4. Ba4 Bc5 5. O-O Nxf3+ 6. Qxf3 Qf6 7. Qxf6 Nxf6
8. Nc3 c6 9. d3 d6 10. Nd1 h6 11. Be3 Bb4 12. c3 Ba5 13. b4 Bc7 14. h3 O-O 15.
f4 Bd7 16. Bc2 Kh7 17. Kh1 Nh5 18. Rf3 Nxf4 19. Bxf4 exf4 20. Rxf4 d5 21. Rf3
dxe4 22. dxe4 Be5 23. Nf2 Be6 24. Bb3 Rad8 25. Rf1 Bxb3 26. axb3 f6 27. Nd3
Rfe8 28. Nb2 Bc7 29. Re1 Re7 30. Rd3 Rde8 31. g4 Rxe4 32. Rxe4 Rxe4 33. Rd7 Be5
34. Nd3 Re3 35. Kg2 Bxc3 36. Nf4 Bxb4 37. Rxb7 a5 38. Nh5 Re7 39. Rb6 Rc7 40.
Nf4 c5 41. Ne6 c4 42. bxc4 Rxc4 43. Rb7 a4 44. Nxg7 a3 45. Ne8+ Kg8 46. Nxf6+
Kf8 47. Nd5 Bc5 48. Rb8+ Kf7 49. Ra8 Rc2+ 50. Kf3 Ke6 51. Nf4+ Kd6 52. Nd3 a2
53. Ra6+ Kd5 54. Ra5 Rc3 55. Ke2 Ra3 56. Nb4+ Ke6 57. Rxa3 Bxb4 58. Rxa2 Kf7
59. Ra6 Kg7 60. Kf3 Bc3 61. Ke4 Bf6 62. Kf5 Bg5 63. Rg6+ Kh7 64. Rxg5 1-0

[Event "XLII Festival A"]
[Site "Imperia ITA"]
[Date "2000.09.08"]
[Round "7"]
[White "Astengo, Marcello"]
[Black "Capuano, Ruggiero"]
[WhiteElo "2060"]
[BlackElo "2170"]
[Result "1-0"]
[PlyCount "65"]
[EventDate "2000.09.03"]

1. d4 Nf6 2. c4 g6 3. d5 Bg7 4. Nc3 d6 5. e4 e5 6. Be2 a5 7. Be3 Na6 8. h3 Bd7
9. Nf3 O-O 10. Nd2 Nc5 11. g4 Ne8 12. g5 f5 13. gxf6 Bxf6 14. Nf3 Ng7 15. Kd2
Nh5 16. Qg1 Nf4 17. Qg3 Rf7 18. Rag1 c6 19. h4 Qe7 20. h5 Rg7 21. hxg6 Rxg6 22.
Qh2 Rf8 23. Rxg6+ hxg6 24. Qg3 Qg7 25. Ng5 Bxg5 26. Qxg5 b5 27. cxb5 cxb5 28.
Bxc5 dxc5 29. Bxb5 Nh3 30. Qh4 Nxf2 31. Bxd7 Rf4 32. Be6+ Kf8 33. Qd8# 1-0

[Event "XLII Festival A"]
[Site "Imperia ITA"]
[Date "2000.09.08"]
[Round "7"]
[White "Babula, Milan"]
[Black "Gross, Stefan"]
[WhiteElo "2362"]
[BlackElo "2357"]
[Result "1/2-1/2"]
[PlyCount "26"]
[EventDate "2000.09.03"]

1. e4 e5 2. Nf3 Nc6 3. Bb5 a6 4. Bxc6 dxc6 5. d4 exd4 6. Qxd4 Qxd4 7. Nxd4 Bd7
8. Be3 O-O-O 9. Nd2 Ne7 10. O-O-O Ng6 11. f4 f6 12. N4f3 Bd6 13. g3 Rhe8
1/2-1/2

[Event "XLII Festival A"]
[Site "Imperia ITA"]
[Date "2000.09.08"]
[Round "7"]
[White "Bellia, Fabrizio"]
[Black "Bratanov, Zsivko"]
[WhiteElo "2374"]
[BlackElo "2400"]
[Result "1-0"]
[PlyCount "67"]
[EventDate "2000.09.03"]

1. e4 c5 2. Nf3 e6 3. d4 cxd4 4. Nxd4 Nc6 5. Nc3 d6 6. Be2 Nf6 7. O-O Be7 8.
Be3 O-O 9. f4 e5 10. fxe5 dxe5 11. Nf5 Bxf5 12. Rxf5 g6 13. Rf2 Nd4 14. Bc4 Ne6
15. Qxd8 Bxd8 16. Raf1 Kg7 17. Bxe6 fxe6 18. Bc5 Rf7 19. Kh1 Rd7 20. h3 Rc8 21.
Be3 h6 22. g4 Nh7 23. Kg2 a6 24. Na4 Ng5 25. Nc5 Re7 26. Rf8 b6 27. Bxg5 hxg5
28. Nxe6+ Kh6 29. Rh8+ Rh7 30. Rxd8 Rxc2+ 31. Rf2 Rc4 32. Rd6 Rxe4 33. Nf8 Rg7
34. Rff6 1-0

[Event "XLII Festival A"]
[Site "Imperia ITA"]
[Date "2000.09.08"]
[Round "7"]
[White "Blasco, Domenico"]
[Black "Strazzeri, Marco"]
[WhiteElo "2070"]
[BlackElo "1756"]
[Result "1-0"]
[PlyCount "44"]
[EventDate "2000.09.03"]

1. d4 d5 2. e3 e6 3. Bd3 c5 4. c3 Nc6 5. Nd2 Bd6 6. Ngf3 Nf6 7. O-O O-O 8. Re1
c4 9. Bc2 b5 10. e4 Be7 11. e5 Nd7 12. Nf1 b4 13. Ng3 Rb8 14. Qd2 Nb6 15. Nh5
f5 16. exf6 gxf6 17. Bxh7+ Kf7 18. Qh6 Ke8 19. Ng7+ Kd7 20. Nxe6 Qe8 21. Nxf8+
Qxf8 22. Qxf8 Bxf8 1-0

[Event "XLII Festival A"]
[Site "Imperia ITA"]
[Date "2000.09.08"]
[Round "7"]
[White "Colovic, Aleksandar"]
[Black "Barlocco, Carlo"]
[WhiteElo "2397"]
[BlackElo "2179"]
[Result "1-0"]
[PlyCount "47"]
[EventDate "2000.09.03"]

1. e4 c5 2. Nf3 e6 3. d4 cxd4 4. Nxd4 Nf6 5. Nc3 Qb6 6. e5 Bc5 7. Be3 Nd5 8.
Nxd5 exd5 9. Be2 Nc6 10. Nf5 Qxb2 11. O-O Bxe3 12. Nd6+ Ke7 13. fxe3 f6 14.
Nf5+ Kd8 15. exf6 gxf6 16. c4 dxc4 17. Nd6 Ne5 18. Bxc4 Rb8 19. Rb1 Qc3 20. Rb3
Qa5 21. Rb5 Qc3 22. Rxe5 fxe5 23. Nf7+ Ke8 24. Nxh8 1-0

[Event "XLII Festival A"]
[Site "Imperia ITA"]
[Date "2000.09.08"]
[Round "7"]
[White "Cugini, Verter"]
[Black "Raviola, Giuseppe"]
[WhiteElo "2168"]
[BlackElo "1909"]
[Result "1/2-1/2"]
[PlyCount "46"]
[EventDate "2000.09.03"]

1. e4 c5 2. g3 Nc6 3. Bg2 d6 4. Ne2 Nf6 5. O-O g6 6. c3 Bg7 7. d4 cxd4 8. cxd4
O-O 9. Nbc3 h6 10. h3 e5 11. Be3 b6 12. Qd2 Kh7 13. f4 Ba6 14. Rf2 Rc8 15. Rd1
Qe7 16. Kh2 Rfd8 17. b3 Qc7 18. Rc1 Qe7 19. d5 Nb4 20. fxe5 dxe5 21. Rf3 Nd3
22. Rcf1 Nc5 23. Bxc5 Rxc5 1/2-1/2

[Event "XLII Festival A"]
[Site "Imperia ITA"]
[Date "2000.09.08"]
[Round "7"]
[White "Delanoy, Arnaud"]
[Black "Bibik, Jura"]
[WhiteElo "2120"]
[BlackElo "2268"]
[Result "1/2-1/2"]
[PlyCount "89"]
[EventDate "2000.09.03"]

1. e4 c5 2. Nc3 Nc6 3. Nf3 g6 4. d4 cxd4 5. Nxd4 Bg7 6. Be3 Nf6 7. Nxc6 bxc6 8.
e5 Ng8 9. Bd4 Qa5 10. Bc4 Bxe5 11. O-O f6 12. Re1 d6 13. Bxe5 dxe5 14. Qf3 Bd7
15. Be6 Qc7 16. Bxd7+ Qxd7 17. Rad1 Qc7 18. Ne4 Nh6 19. Nxf6+ exf6 20. Qxf6 Nf7
21. Qe6+ Kf8 22. Rd7 Qxd7 23. Qxd7 Kg7 24. Qxc6 Rac8 25. Qe4 Rhd8 26. c3 Rd2
27. f4 exf4 28. Qxf4 Rxb2 29. Re7 Rb1+ 30. Kf2 Rf8 31. Kg3 Rb5 32. h3 a5 33.
Kh2 Rf5 34. Qd4+ Kg8 35. Qd7 Rc5 36. Re8 Rxc3 37. Rxf8+ Kxf8 38. Qa7 Rc1 39.
Qxa5 Ke8 40. Qa6 Ke7 41. Qa8 Nd8 42. a4 Kd7 43. Kg3 Ne6 44. Qh8 Kd6 45. Kh4
1/2-1/2

[Event "XLII Festival A"]
[Site "Imperia ITA"]
[Date "2000.09.08"]
[Round "7"]
[White "Giuliano, Arturo"]
[Black "Hocevar, Nikola"]
[WhiteElo "1968"]
[BlackElo "2167"]
[Result "1/2-1/2"]
[PlyCount "75"]
[EventDate "2000.09.03"]

1. e4 c5 2. Nf3 Nc6 3. d4 cxd4 4. Nxd4 g6 5. c4 Bg7 6. Be3 Nf6 7. Nc3 Ng4 8.
Nc2 Nxe3 9. Nxe3 d6 10. Be2 h6 11. Qd2 Be6 12. O-O Nd4 13. Bd3 O-O 14. f4 f5
15. Rad1 Rc8 16. Kh1 Qe8 17. Qf2 Bd7 18. Nc2 Nxc2 19. Bxc2 Kh8 20. Rfe1 Rxc4
21. Bb3 Rc6 22. Qh4 e5 23. exf5 gxf5 24. Nd5 Kh7 25. Ba4 Rc4 26. Bxd7 Qxd7 27.
Qh3 Qf7 28. Qb3 Re4 29. Rxe4 fxe4 30. Qe3 exf4 31. Qxe4+ Qg6 32. Qb4 Rf7 33.
Nxf4 Qf5 34. g3 Be5 35. Qc4 Bxf4 36. gxf4 Qxf4 37. Qxf4 Rxf4 38. Rxd6 1/2-1/2

[Event "XLII Festival A"]
[Site "Imperia ITA"]
[Date "2000.09.08"]
[Round "7"]
[White "Jacob, Volker"]
[Black "Lukes, Ladislav"]
[WhiteElo "2267"]
[BlackElo "2122"]
[Result "1/2-1/2"]
[PlyCount "72"]
[EventDate "2000.09.03"]

1. d4 Nf6 2. c4 e6 3. Nc3 d5 4. cxd5 exd5 5. Bg5 Be7 6. e3 c6 7. Bd3 O-O 8. Qc2
Nbd7 9. Nge2 Re8 10. O-O-O Nf8 11. f3 Qa5 12. h4 Be6 13. g4 c5 14. Rdg1 c4 15.
Bf5 b5 16. Bxf6 Bxf6 17. g5 Be7 18. h5 b4 19. Bxh7+ Nxh7 20. g6 bxc3 21. h6
cxb2+ 22. Kb1 Ng5 23. gxf7+ Kxf7 24. Nf4 Bf6 25. Rxg5 Ke7 26. Rgg1 Kd6 27. e4
Bf7 28. e5+ Bxe5 29. dxe5+ Rxe5 30. h7 g5 31. h8=Q Rxh8 32. Rxh8 Re1+ 33. Rxe1
Qxe1+ 34. Kxb2 Qb4+ 35. Ka1 Qe1+ 36. Kb2 Qb4+ 1/2-1/2

[Event "XLII Festival A"]
[Site "Imperia ITA"]
[Date "2000.09.08"]
[Round "7"]
[White "Jandovsky, Viktor"]
[Black "Semeria, Marco"]
[WhiteElo "2195"]
[BlackElo "2063"]
[Result "1-0"]
[PlyCount "37"]
[EventDate "2000.09.03"]

1. e4 c5 2. Nf3 Nc6 3. d4 cxd4 4. Nxd4 Nf6 5. Nc3 d6 6. Bc4 e6 7. Be3 Be7 8.
Qe2 a6 9. Bb3 Qc7 10. O-O-O O-O 11. Rhg1 b5 12. g4 Nxd4 13. Bxd4 Nd7 14. g5 Nc5
15. Qh5 Nxb3+ 16. axb3 f6 17. gxf6 Bxf6 18. Bxf6 Rxf6 19. Nd5 1-0

[Event "XLII Festival A"]
[Site "Imperia ITA"]
[Date "2000.09.08"]
[Round "7"]
[White "Jurek, Josef"]
[Black "Biolek, Richard sr"]
[WhiteElo "2329"]
[BlackElo "2420"]
[Result "1/2-1/2"]
[PlyCount "25"]
[EventDate "2000.09.03"]

1. c4 c5 2. Nc3 Nc6 3. g3 g6 4. Bg2 Bg7 5. e3 e6 6. Nge2 Nge7 7. O-O O-O 8. d4
cxd4 9. Nxd4 Nxd4 10. exd4 d5 11. cxd5 Nxd5 12. Nxd5 exd5 13. Qb3 1/2-1/2

[Event "XLII Festival A"]
[Site "Imperia ITA"]
[Date "2000.09.08"]
[Round "7"]
[White "Kljako, Damir"]
[Black "Di Paolo, Raffaele"]
[WhiteElo "2258"]
[BlackElo "2295"]
[Result "1-0"]
[PlyCount "89"]
[EventDate "2000.09.03"]

1. d4 Nf6 2. Nf3 g6 3. Bg5 Bg7 4. Nbd2 d6 5. e3 O-O 6. Be2 Qe8 7. O-O e5 8.
dxe5 dxe5 9. e4 Nbd7 10. c3 Nc5 11. Qc2 Ne6 12. Bh4 Nf4 13. Bc4 b5 14. Bb3 Bg4
15. a4 N6h5 16. axb5 Qc8 17. Bg3 Bh3 18. gxh3 Qxh3 19. Bxf4 Nxf4 20. Ne1 Ne2+
21. Kh1 Bh6 22. Ng2 Rad8 23. Bd5 Rd6 24. c4 Nd4 25. Qc3 Qh5 26. f4 Rf6 27. Ra3
Bg7 28. Qh3 Qe2 29. Qd3 Qh5 30. fxe5 Rxf1+ 31. Nxf1 Bxe5 32. Rxa7 Nf3 33. Ra3
Nxh2 34. Kg1 Nf3+ 35. Kf2 Ng5 36. b4 Kh8 37. Qe2 Qh6 38. Qg4 f5 39. exf5 Rxf5+
40. Ke2 Nf7 41. Nfe3 Rf6 42. Ra8+ Kg7 43. Qc8 Qh5+ 44. Ng4 Nd8 45. N2e3 1-0

[Event "XLII Festival A"]
[Site "Imperia ITA"]
[Date "2000.09.08"]
[Round "7"]
[White "Krouzel, Jaroslav"]
[Black "Pedemonte, Claudio"]
[WhiteElo "2293"]
[BlackElo "2013"]
[Result "1-0"]
[PlyCount "102"]
[EventDate "2000.09.03"]

1. d4 d5 2. c4 e6 3. Nc3 Nf6 4. Nf3 Be7 5. Bf4 c5 6. e3 O-O 7. Bd3 dxc4 8. Bxc4
Qa5 9. O-O a6 10. a4 Nc6 11. Qe2 Rd8 12. dxc5 Qxc5 13. Rfc1 Bd7 14. e4 Be8 15.
e5 Nd5 16. Nxd5 exd5 17. Bxa6 Qb4 18. Bd2 Qb6 19. Bb5 Bc5 20. Bg5 Rdc8 21. Rd1
d4 22. Bd3 Nb4 23. Bf5 Rc6 24. h4 h6 25. Bc1 Rd8 26. a5 Qa7 27. Ne1 Be7 28. Qg4
Qc5 29. e6 Kh8 30. Nd3 Nxd3 31. Rxd3 Qe5 32. Bf4 Qf6 33. exf7 Bxf7 34. Be4 Rc2
35. Bg3 Rxb2 36. Bxb7 Rxb7 37. Qe4 Bg6 38. Qxb7 Bxd3 39. a6 Bd6 40. Bxd6 Qxd6
41. a7 Qg6 42. a8=Q Rxa8 43. Qxa8+ Kh7 44. Qf3 Bc2 45. h5 Qg5 46. Ra8 Qc1+ 47.
Kh2 Qg5 48. Qf7 Bb3 49. Qxb3 Qxh5+ 50. Kg1 Qe2 51. Qg8+ Kg6 1-0

[Event "XLII Festival A"]
[Site "Imperia ITA"]
[Date "2000.09.08"]
[Round "7"]
[White "Melich, Jindrich"]
[Black "Wurm, Christoph"]
[WhiteElo "2150"]
[BlackElo "2156"]
[Result "0-1"]
[PlyCount "84"]
[EventDate "2000.09.03"]

1. b4 e6 2. Bb2 Nf6 3. b5 a6 4. a4 axb5 5. axb5 Rxa1 6. Bxa1 c5 7. c4 d5 8. e3
Be7 9. Nf3 O-O 10. Be2 Nbd7 11. O-O b6 12. d3 Bb7 13. Bb2 Qc7 14. Nbd2 e5 15.
cxd5 Nxd5 16. Qb3 Ra8 17. Ra1 Rxa1+ 18. Bxa1 Kf8 19. g3 Bd6 20. Nc4 f6 21. Nfd2
Ne7 22. e4 g6 23. Ne3 Kg7 24. Bg4 Nf8 25. Ndc4 h5 26. Nxd6 Qxd6 27. Nc4 Qd8 28.
Be2 Ng8 29. f4 exf4 30. gxf4 Ne6 31. f5 Nf4 32. Bf1 gxf5 33. e5 Qd5 34. exf6+
Kf8 35. Qb2 Qh1+ 36. Kf2 Bg2 37. Ne3 Bxf1 38. Kg3 Ne2+ 39. Kf2 Nf4 40. Kg3 Nxd3
41. Qd2 f4+ 42. Kh4 Qg1 0-1

[Event "XLII Festival A"]
[Site "Imperia ITA"]
[Date "2000.09.08"]
[Round "7"]
[White "Mlynek, Petr"]
[Black "Pienabarca, Nicola"]
[WhiteElo "2200"]
[BlackElo "2030"]
[Result "0-1"]
[PlyCount "50"]
[EventDate "2000.09.03"]

1. d4 Nf6 2. c4 c5 3. Nf3 cxd4 4. Nxd4 Nc6 5. Nc3 Nxd4 6. Qxd4 g6 7. g3 d6 8.
Bg2 Bg7 9. O-O O-O 10. Qd3 Be6 11. Bxb7 Rb8 12. Bg2 Qa5 13. Nd5 Nxd5 14. cxd5
Bf5 15. Qe3 Qa6 16. Re1 Rfc8 17. Bf1 Qb7 18. Rd1 Rc2 19. Rd4 Bxd4 20. Qxd4 Qb6
21. Qf4 Qb4 22. Qg5 Qe4 23. f3 Qd4+ 24. Kg2 Qd1 25. Qxe7 Rxc1 0-1

[Event "XLII Festival A"]
[Site "Imperia ITA"]
[Date "2000.09.08"]
[Round "7"]
[White "Mozny, Milos"]
[Black "Delchev, Aleksander"]
[WhiteElo "2414"]
[BlackElo "2557"]
[Result "1/2-1/2"]
[PlyCount "51"]
[EventDate "2000.09.03"]

1. d4 Nf6 2. Nf3 g6 3. g3 Bg7 4. Bg2 O-O 5. c4 c6 6. O-O d6 7. Nc3 Qa5 8. h3
Qa6 9. b3 b5 10. cxb5 cxb5 11. Bg5 Bb7 12. b4 Nbd7 13. a4 bxa4 14. Qxa4 Qxa4
15. Rxa4 Rfc8 16. Rc1 h6 17. Bd2 Nb6 18. Raa1 Nc4 19. Be1 Nd7 20. e3 Ndb6 21.
Na4 Rab8 22. Nxb6 axb6 23. b5 e5 24. Bc3 Rc7 25. Bb4 Rbc8 26. Ra7 1/2-1/2

[Event "XLII Festival A"]
[Site "Imperia ITA"]
[Date "2000.09.08"]
[Round "7"]
[White "Papan, Cyril"]
[Black "Benes, Petr"]
[WhiteElo "2208"]
[BlackElo "2171"]
[Result "0-1"]
[PlyCount "106"]
[EventDate "2000.09.03"]

1. d4 Nf6 2. Nf3 e6 3. Bg5 c5 4. e3 h6 5. Bf4 Qb6 6. Qc1 Nc6 7. c3 Nh5 8. Bg3
d6 9. Nbd2 cxd4 10. exd4 Be7 11. Bd3 Bd7 12. Nc4 Qc7 13. Bf4 Nxf4 14. Qxf4 O-O
15. O-O f5 16. h4 b5 17. Na3 a6 18. Qd2 e5 19. dxe5 dxe5 20. Bc2 Kh8 21. Rad1
Rad8 22. g3 f4 23. Be4 Bh3 24. Qe2 Bxf1 25. Rxf1 Bxa3 26. bxa3 Na5 27. a4 Qc4
28. Qc2 Qc5 29. g4 Nc4 30. Kh2 Nd6 31. Re1 Rc8 32. Bg6 e4 33. Bxe4 Rfe8 34. Bg6
Rxe1 35. Nxe1 Qxc3 36. Qxc3 Rxc3 37. axb5 axb5 38. Nc2 Kg8 39. Kg2 Kf8 40. Kf1
Ke7 41. Ke2 Kf6 42. Bd3 Ke5 43. Kd2 Rc8 44. f3 Nc4+ 45. Ke2 Ra8 46. a3 Ra5 47.
h5 Kd5 48. Nb4+ Kc5 49. Be4 Rxa3 50. Nd5 Kd4 51. Nxf4 Ra2+ 52. Ke1 b4 53. Kf1
Nd2+ 0-1

[Event "XLII Festival A"]
[Site "Imperia ITA"]
[Date "2000.09.08"]
[Round "7"]
[White "Payen, Arnaud"]
[Black "Stoppa, Omar"]
[WhiteElo "2354"]
[BlackElo "2195"]
[Result "1-0"]
[PlyCount "93"]
[EventDate "2000.09.03"]

1. e4 e6 2. d4 d5 3. Nd2 Nf6 4. e5 Nfd7 5. f4 c5 6. c3 Nc6 7. Ngf3 cxd4 8. cxd4
Qb6 9. Nb3 a5 10. a4 f6 11. Bb5 Bb4+ 12. Kf2 O-O 13. Be3 Ndb8 14. h4 Na6 15.
Bd3 h6 16. h5 fxe5 17. fxe5 Ne7 18. g4 Bd7 19. Bb1 Rac8 20. Qd3 Kf7 21. Kg3 Bc3
22. bxc3 Qxb3 23. Rc1 Ke8 24. Ra2 Rc7 25. Nd2 Qb6 26. Bc2 Qc6 27. Raa1 Kd8 28.
Bb3 Be8 29. Qb5 Qxb5 30. axb5 Bxb5 31. Rxa5 Bd3 32. Raa1 Rg8 33. c4 dxc4 34.
Nxc4 Nd5 35. Bd2 Bxc4 36. Bxc4 Ke7 37. Bxd5 Rxc1 38. Rxc1 exd5 39. Rb1 Rb8 40.
Rb6 Kf7 41. Rd6 Rc8 42. Rxd5 Rc2 43. Ba5 Rb2 44. Rd7+ Ke6 45. Rxg7 Kd5 46. Rd7+
Ke4 47. e6 1-0

[Event "XLII Festival A"]
[Site "Imperia ITA"]
[Date "2000.09.08"]
[Round "7"]
[White "Poloch, Petr"]
[Black "Luciani, Carlo"]
[WhiteElo "2323"]
[BlackElo "2225"]
[Result "1/2-1/2"]
[PlyCount "38"]
[EventDate "2000.09.03"]

1. e4 e5 2. Nf3 Nc6 3. Bb5 a6 4. Bxc6 dxc6 5. O-O Qd6 6. Na3 Be6 7. Qe2 f6 8.
Rd1 c5 9. c3 O-O-O 10. d4 cxd4 11. cxd4 Qb4 12. Be3 Bd6 13. Rac1 Ne7 14. Nc4
Bxc4 15. Rxc4 Qa5 16. Rdc1 Rd7 17. a3 Re8 18. Qc2 exd4 19. Nxd4 Qh5 1/2-1/2

[Event "XLII Festival A"]
[Site "Imperia ITA"]
[Date "2000.09.08"]
[Round "7"]
[White "Popa, Claudiu"]
[Black "Lo Curto, Emanuele"]
[WhiteElo "2127"]
[BlackElo "2132"]
[Result "0-1"]
[PlyCount "118"]
[EventDate "2000.09.03"]

1. e4 c5 2. c3 Nf6 3. e5 Nd5 4. Nf3 Nc6 5. d4 cxd4 6. cxd4 e6 7. Bc4 Nb6 8. Bb5
Be7 9. Nc3 a6 10. Bd3 d5 11. Be3 Bd7 12. Rc1 Rc8 13. O-O Nb4 14. Bb1 Nc4 15.
Qe2 b5 16. Ne1 Qb6 17. Nd3 a5 18. Qg4 Bf8 19. b3 Na3 20. Nxb4 axb4 21. Nxd5 Qb7
22. Rxc8+ Bxc8 23. Nf4 Nxb1 24. Rxb1 Bd7 25. Nd3 Qa8 26. Qe2 Be7 27. Rc1 Bc6
28. Qg4 g6 29. Bh6 Kd7 30. Nc5+ Bxc5 31. dxc5 Qxa2 32. Qd4+ Kc7 33. Ra1 Qxb3
34. Qd6+ Kb7 35. Qe7+ Kc8 36. h3 Qd5 37. f3 Qd4+ 38. Be3 Qxa1+ 39. Kh2 Rd8 40.
Bg5 Rd1 41. Qf8+ Kb7 42. Qxf7+ Kc8 43. Qxe6+ Kb7 44. Qf7+ Ka6 45. Qf8 Rh1+ 46.
Kg3 Qxe5+ 47. Bf4 Qe6 48. Qb8 Qe1+ 49. Kg4 Bd7+ 50. Kg5 Qe7+ 51. Kh6 Qxc5 52.
Qa8+ Qa7 53. Qd5 Ra1 54. Be5 Ra4 55. Bf6 Qb7 56. Qc5 Qc6 57. Qf8 b3 58. Be5 g5+
59. Kxh7 Rh4+ 0-1

[Event "XLII Festival A"]
[Site "Imperia ITA"]
[Date "2000.09.08"]
[Round "7"]
[White "Scarenzio, Renato"]
[Black "Van Hoolandt, Patrick"]
[WhiteElo "2024"]
[BlackElo "2169"]
[Result "0-1"]
[PlyCount "108"]
[EventDate "2000.09.03"]

1. d4 Nf6 2. c4 e6 3. Nf3 Bb4+ 4. Bd2 Qe7 5. g3 Nc6 6. Bg2 Bxd2+ 7. Nbxd2 d6 8.
e4 e5 9. d5 Nb8 10. O-O a5 11. Qa4+ Bd7 12. Qa3 O-O 13. Rac1 Na6 14. Qxa5 Nc5
15. Qxc7 Ra6 16. b4 Rc8 17. Qxc8+ Bxc8 18. bxc5 dxc5 19. Ra1 Bd7 20. Rfb1 Ba4
21. Rb2 Ne8 22. Rab1 Nd6 23. Ne1 g5 24. Nd3 Ra5 25. Rc1 Kg7 26. Nb3 Bxb3 27.
axb3 b6 28. b4 Ra4 29. bxc5 bxc5 30. Rbc2 Nb7 31. Bh3 h5 32. Bc8 Na5 33. Ba6
Nb3 34. Rb1 Nd4 35. Bb5 Ra3 36. Ne1 Nxc2 37. Nxc2 Rd3 38. Ne3 Qa7 39. Nf5+ Kf6
40. h4 gxh4 41. Nxh4 Qa2 42. Re1 Qb2 43. Nf5 Rd2 44. Rf1 Qc2 45. Nd6 Ke7 46.
Nf5+ Kf6 47. Nd6 Qd3 48. Kg2 Qe2 49. Bc6 h4 50. gxh4 Qg4+ 51. Kh1 Rd3 52. Ne8+
Kg6 53. f3 Qxh4+ 54. Kg1 Rd2 0-1

[Event "XLII Festival A"]
[Site "Imperia ITA"]
[Date "2000.09.08"]
[Round "7"]
[White "Sejkora, Vlastimil"]
[Black "Egartner, Wolfgang"]
[WhiteElo "2264"]
[BlackElo "2166"]
[Result "1/2-1/2"]
[PlyCount "92"]
[EventDate "2000.09.03"]

1. c4 e6 2. f4 d5 3. e3 Nf6 4. Nf3 Bd6 5. b3 O-O 6. Be2 c5 7. Bb2 Nc6 8. O-O
Qe7 9. Ne5 Nd7 10. Nxc6 bxc6 11. Nc3 f5 12. Rc1 d4 13. Na4 e5 14. Qe1 Nb6 15.
exd4 Nxa4 16. bxa4 cxd4 17. c5 Bxc5 18. Bc4+ Kh8 19. fxe5 Rb8 20. Ba1 Ba3 21.
Rc2 c5 22. Qg3 Bb4 23. d3 Be6 24. Bb2 Bxc4 25. Rxc4 Rbe8 26. h3 Qxe5 27. Qxe5
Rxe5 28. Bxd4 Rd5 29. Bf2 Rxd3 30. Bxc5 Bxc5+ 31. Rxc5 g6 32. Rc7 Rfd8 33. Kh2
R8d7 34. Rfc1 Kg7 35. a5 h5 36. R1c6 Kh6 37. a4 R3d6 38. Rxd6 Rxc7 39. a6 Rc4
40. Rd7 Rxa4 41. Rxa7 h4 42. Kg1 Ra2 43. Ra8 Kg5 44. a7 Kf4 45. Rg8 Rxa7 46.
Rxg6 Ra1+ 1/2-1/2

[Event "XLII Festival A"]
[Site "Imperia ITA"]
[Date "2000.09.08"]
[Round "7"]
[White "Spinelli, Doriano"]
[Black "Malano, Francesco"]
[WhiteElo "2189"]
[BlackElo "2028"]
[Result "1-0"]
[PlyCount "164"]
[EventDate "2000.09.03"]

1. e4 c5 2. g3 d5 3. d3 d4 4. f4 Nc6 5. Bg2 e5 6. f5 Be7 7. Nf3 g5 8. h3 h6 9.
h4 g4 10. Nh2 h5 11. a4 Nf6 12. Na3 b6 13. Bd2 a6 14. Nc4 a5 15. b3 Ba6 16. Na3
Nb4 17. Bf1 Qd7 18. Nc4 Bxc4 19. bxc4 O-O-O 20. Bg2 Rdg8 21. Nf1 Bf8 22. Rh2
Qd6 23. Qc1 Be7 24. Bh1 Kb7 25. Bg5 Ka7 26. Nd2 Qd7 27. Nb1 Kb7 28. Na3 Ka8 29.
Nb5 Rd8 30. Bd2 Bf8 31. Rf2 Be7 32. Kf1 Rdg8 33. Kg1 Rh7 34. Qb2 Bf8 35. Qc1
Be7 36. Rh2 Rhh8 37. Bg2 Rh7 38. Bf1 Rd8 39. Re2 Rhh8 40. Re1 Bf8 41. Rd1 Qe7
42. Bg5 Bg7 43. c3 dxc3 44. Nxc3 Rd6 45. Nd5 Qd7 46. Qb2 Nfxd5 47. cxd5 f6 48.
d4 Ka7 49. dxc5 fxg5 50. cxd6 gxh4 51. Rdc1 Qxd6 52. gxh4 Bf8 53. Qc3 Qc5+ 54.
Qxc5 Bxc5+ 55. Rxc5 bxc5 56. Rc1 Kb6 57. Kf2 Rg8 58. Kg3 Rg7 59. Bb5 Rg8 60.
Rc3 Rd8 61. Be2 Rc8 62. Bb5 Rd8 63. Rc1 Rf8 64. Kh2 Na2 65. Rc2 Nb4 66. Rf2 Rf6
67. Bc4 Kc7 68. Kg3 Kd6 69. Rb2 Rf8 70. Rd2 Rf6 71. Be2 Rf8 72. Bb5 c4 73. Bxc4
Rc8 74. Bb5 Rc3+ 75. Kg2 Rc2 76. Rxc2 Nxc2 77. f6 Nd4 78. Kg3 Nb3 79. Be8 Nc5
80. Bg6 Nd7 81. f7 Ke7 82. Bxh5 Nf8 1-0

[Event "XLII Festival A"]
[Site "Imperia ITA"]
[Date "2000.09.08"]
[Round "7"]
[White "Svacina, Petr"]
[Black "Dinser, Hans"]
[WhiteElo "2094"]
[BlackElo "2132"]
[Result "1-0"]
[PlyCount "121"]
[EventDate "2000.09.03"]

1. e4 c5 2. Nf3 d6 3. d4 cxd4 4. Nxd4 Nf6 5. f3 a6 6. c4 e6 7. Be3 Bd7 8. Nc3
Nc6 9. Qd2 Rc8 10. Be2 h5 11. b3 Be7 12. Rc1 Nxd4 13. Bxd4 Bc6 14. O-O Qa5 15.
Rfd1 O-O 16. Nd5 Qd8 17. Bb6 Qe8 18. Nxe7+ Qxe7 19. Qxd6 Qxd6 20. Rxd6 Nd7 21.
Bf2 Rfe8 22. Rcd1 Nf6 23. e5 Nh7 24. f4 g5 25. Bxh5 gxf4 26. Bh4 Kg7 27. R1d4
Rg8 28. Rxf4 Kh6 29. Bf3 Bxf3 30. Rxf3 Rg4 31. Bf2 Kg6 32. Rg3 Rxg3 33. Bxg3
Ng5 34. Rd4 b5 35. h4 Nh7 36. cxb5 axb5 37. a4 bxa4 38. bxa4 f5 39. exf6 Nxf6
40. Bf4 Rc6 41. Rd6 Rc4 42. Bg5 Kf5 43. Ra6 Ng4 44. Kf1 Rb4 45. a5 e5 46. Ra8
Ra4 47. Ke2 Ke4 48. Bd2 Ra2 49. h5 Nh6 50. Kd1 Nf5 51. h6 Ra1+ 52. Kc2 Rh1 53.
Rh8 Nd4+ 54. Kb2 Rh2 55. h7 Kd3 56. a6 Kxd2 57. a7 Rxg2 58. a8=Q Rh2 59. Qe4
Kd1+ 60. Kb1 Kd2 61. Rf8 1-0

[Event "XLII Festival A"]
[Site "Imperia ITA"]
[Date "2000.09.08"]
[Round "7"]
[White "Zedek, Alois"]
[Black "Frank, Albert"]
[WhiteElo "2157"]
[BlackElo "2014"]
[Result "1-0"]
[PlyCount "69"]
[EventDate "2000.09.03"]

1. c4 Nf6 2. g3 Nc6 3. Bg2 e5 4. Nf3 g6 5. d4 exd4 6. Nxd4 Bg7 7. Nc3 O-O 8.
O-O Re8 9. Nc2 d6 10. e4 Be6 11. b3 Qd7 12. Re1 Bh3 13. Bh1 Ng4 14. Bb2 Re5 15.
f3 Nh6 16. Ne2 Re7 17. Bxg7 Kxg7 18. Nf4 Be6 19. Qd2 f6 20. Ne3 Ng8 21. Ned5
Bxd5 22. cxd5 Ne5 23. Rac1 Qb5 24. Re3 Qb6 25. Bg2 f5 26. Ne6+ Rxe6 27. dxe6
fxe4 28. Qc3 exf3 29. Qxc7+ Kf6 30. Qxb6 axb6 31. Bxf3 Rxa2 32. Bd5 Ne7 33.
Rf1+ Kg5 34. Bxb7 Rxh2 35. Rxe5+ 1-0

[Event "XLII Festival A"]
[Site "Imperia ITA"]
[Date "2000.09.08"]
[Round "7"]
[White "Zlochevskij, Alexander"]
[Black "Schmitt, Thomas"]
[WhiteElo "2450"]
[BlackElo "2223"]
[Result "1-0"]
[PlyCount "81"]
[EventDate "2000.09.03"]

1. d4 Nf6 2. Bg5 c5 3. Bxf6 gxf6 4. d5 Qb6 5. Qc1 e6 6. c4 f5 7. Nc3 Bg7 8. e3
d6 9. Nge2 Nd7 10. Nf4 Nf6 11. dxe6 fxe6 12. Be2 O-O 13. O-O Ne4 14. Nd1 Bd7
15. f3 Nf6 16. Nc3 Rfe8 17. Qc2 Bc6 18. Rad1 Qc7 19. Bd3 a6 20. b3 Rad8 21. Kh1
Kh8 22. e4 Bh6 23. Nh3 fxe4 24. Nxe4 Nxe4 25. Bxe4 d5 26. Bd3 b5 27. Qf2 bxc4
28. bxc4 dxc4 29. Bxc4 Bb5 30. Bxb5 axb5 31. Qb2+ Kg8 32. Qxb5 c4 33. f4 c3 34.
Rc1 Rc8 35. Qh5 Qg7 36. Rf3 Kf8 37. Rg3 Qf6 38. Ng5 Bxg5 39. fxg5 Qg7 40. g6
hxg6 41. Rxg6 1-0